<?xml version="1.0" encoding="UTF-8"?>
<record
    xmlns:xsi="http://www.w3.org/2001/XMLSchema-instance"
    xsi:schemaLocation="http://www.loc.gov/MARC21/slim http://www.loc.gov/standards/marcxml/schema/MARC21slim.xsd"
    xmlns="http://www.loc.gov/MARC21/slim">

  <leader>01606nam a2200241Ia 4500</leader>
  <controlfield tag="003">OSt</controlfield>
  <controlfield tag="005">20210910115832.0</controlfield>
  <controlfield tag="008">210310s1989    ck     gr     000 0 spa d</controlfield>
  <datafield tag="040" ind1=" " ind2=" ">
    <subfield code="a">CO-JMCR</subfield>
    <subfield code="c">CO-JMCR</subfield>
  </datafield>
  <datafield tag="041" ind1="0" ind2=" ">
    <subfield code="a">spa</subfield>
  </datafield>
  <datafield tag="082" ind1="0" ind2="4">
    <subfield code="a">338.27282 /</subfield>
    <subfield code="b">M488e</subfield>
    <subfield code="2">23</subfield>
  </datafield>
  <datafield tag="100" ind1="1" ind2=" ">
    <subfield code="a">Medell&#xED;n Torres Pedro, </subfield>
    <subfield code="e">autor</subfield>
    <subfield code="9">28230</subfield>
  </datafield>
  <datafield tag="245" ind1="1" ind2="0">
    <subfield code="a">Estado y pol&#xED;tica energ&#xE9;tica en Colombia : </subfield>
    <subfield code="b">de la crisis petrolera al 'boom' de los proyectos energ&#xE9;ticos /</subfield>
    <subfield code="c">Pedro Medell&#xED;n Torres</subfield>
  </datafield>
  <datafield tag="250" ind1=" " ind2=" ">
    <subfield code="a">Primera adici&#xF3;n </subfield>
  </datafield>
  <datafield tag="260" ind1=" " ind2=" ">
    <subfield code="a">Bogot&#xE1; : </subfield>
    <subfield code="b">Cerec, </subfield>
    <subfield code="c">1989.</subfield>
  </datafield>
  <datafield tag="300" ind1=" " ind2=" ">
    <subfield code="a">92 p&#xE1;ginas ; </subfield>
    <subfield code="c">18 cm.</subfield>
  </datafield>
  <datafield tag="505" ind1="0" ind2=" ">
    <subfield code="a">El peso macroecon&#xF3;mico del sector energ&#xE9;tico. -- La estructura institucional del sector energ&#xE9;tico. -- La gesti&#xF3;n gubernamental.</subfield>
  </datafield>
  <datafield tag="520" ind1="0" ind2=" ">
    <subfield code="a">EI choque petrolero de la d&#xE9;cada del E 70 fue crucial para la estructura eco n&#xF3;mica colombiana. No s&#xF3;lo so meti&#xF3; al pa&#xED;s a una de las m&#xE1;s dif&#xED;ciles coyunturas cambiarias y fiscales de la historia econ&#xF3;mica reciente sino que por sus caracter&#xED;sticas oblig&#xF3; quiz&#xE1;s a la m&#xE1;s importante redefinici&#xF3;n en materia de pol&#xED;ticas gubernamentales en los &#xFA;ltimos a&#xF1;os".
FESCOL presenta este an&#xE1;lisis de con junto del sector, referido de modo especial a los fen&#xF3;menos acaecidos alrededor del carb&#xF3;n, el petr&#xF3;leo y la energ&#xED;a el&#xE9;ctrica en Colombia desde entonces. Con &#xE9;l, iniciados y profanos podr&#xE1;n encontrar a mano una representaci&#xF3;n global de estos decisivos procesos econ&#xF3;micos</subfield>
  </datafield>
  <datafield tag="650" ind1="1" ind2="4">
    <subfield code="a">Estructura energ&#xE9;tica </subfield>
    <subfield code="9">40239</subfield>
  </datafield>
  <datafield tag="650" ind1="2" ind2="4">
    <subfield code="a">Macroeconom&#xED;a  </subfield>
    <subfield code="v">Sector energ&#xE9;tico </subfield>
    <subfield code="9">40240</subfield>
  </datafield>
  <datafield tag="650" ind1="2" ind2="4">
    <subfield code="a">Proyectos energ&#xE9;ticos </subfield>
    <subfield code="9">40241</subfield>
  </datafield>
  <datafield tag="942" ind1=" " ind2=" ">
    <subfield code="2">ddc</subfield>
    <subfield code="c">BK</subfield>
  </datafield>
  <datafield tag="999" ind1=" " ind2=" ">
    <subfield code="c">12435</subfield>
    <subfield code="d">12435</subfield>
  </datafield>
  <datafield tag="952" ind1=" " ind2=" ">
    <subfield code="0">0</subfield>
    <subfield code="1">0</subfield>
    <subfield code="2">ddc</subfield>
    <subfield code="4">0</subfield>
    <subfield code="7">0</subfield>
    <subfield code="a">CPL</subfield>
    <subfield code="b">CPL</subfield>
    <subfield code="c">GEN</subfield>
    <subfield code="d">2018-04-15</subfield>
    <subfield code="e">Donaci&#xF3;n</subfield>
    <subfield code="o">338.27282 / M488e</subfield>
    <subfield code="p">430005291</subfield>
    <subfield code="r">2024-05-16 00:00:00</subfield>
    <subfield code="t">Ej.1</subfield>
    <subfield code="w">2021-03-10</subfield>
    <subfield code="y">BK</subfield>
  </datafield>
</record>
